banner koha

Coinfecções por Leishmania infantum, Neospora caninum e Toxoplasma gondii em cães necropsiados da região central do Rio Grande do Sul, Brasil (Registro n. 300919)

MARC details
000 -LÍDER
fixed length control field 04109nab a2200397 i 4500
003 - CÓDIGO MARC DA AGÊNCIA CATALOGADORA
Campo de controle BR-BrBNA
005 - DATA E HORA DA ÚLTIMA ATUALIZAÇÃO
Campo de controle 20240816093719.0
008 - CAMPO DE TAMANHO FIXO
fixed length control field 240816b2018 bl.|r|pooa||| 00| 0 por |
040 ## - FONTE DA CATALOGAÇÃO
Agência catalogadora BR-BrBNA
Idioma da catalogação por
072 ## - CATEGORIA AGRIS
Código AGRIS L73
Código do objeto 5400
072 ## - CATEGORIA AGRIS
Código AGRIS L70
100 ## - ENTRADA PRINCIPAL - NOME PESSOAL
Nome pessoal Ratzlaff, F.R.
100 ## - ENTRADA PRINCIPAL - NOME PESSOAL
Nome pessoal Engelmann, A.M.
100 ## - ENTRADA PRINCIPAL - NOME PESSOAL
Nome pessoal Luz, F.S.
100 ## - ENTRADA PRINCIPAL - NOME PESSOAL
Nome pessoal Bräunig, P.
100 ## - ENTRADA PRINCIPAL - NOME PESSOAL
Nome pessoal Andrade, C.M.
100 ## - ENTRADA PRINCIPAL - NOME PESSOAL
Nome pessoal Fighera, R.A.
100 ## - ENTRADA PRINCIPAL - NOME PESSOAL
Nome pessoal Botton, S.A.
100 ## - ENTRADA PRINCIPAL - NOME PESSOAL
Nome pessoal Vogel, F.S. F.
100 ## - ENTRADA PRINCIPAL - NOME PESSOAL
Nome pessoal Pötter, L.
100 ## - ENTRADA PRINCIPAL - NOME PESSOAL
Nome pessoal Sangioni , L.A.
245 ## - TÍTULO PRINCIPAL
Título principal Coinfecções por Leishmania infantum, Neospora caninum e Toxoplasma gondii em cães necropsiados da região central do Rio Grande do Sul, Brasil
500 ## - NOTA GERAL
Nota geral Publicação online; 30 ref.; 2 tables; Summaries (En, Pt)
942 ## - ADDED ENTRY ELEMENTS (KOHA)
Koha item type
520 ## - NOTA DE RESUMO
Nota de conteúdo <br/><br/>RESUMO - O objetivo do presente trabalho foi determinar a presença de anticorpos para Leishmania infantum, Neospora caninum e Toxoplasma gondii, por meio da reação de imunofluorescência indireta (RIFI), em cães (n=78) provenientes da região central do Rio Grande do Sul, necropsiados no Hospital Veterinário da Universidade Federal de Santa Maria (UFSM), bem como avaliar os dados epidemiológicos, sazonais e anátomohistopatológicos. Do total de animais avaliados, 67,9% (53/78) apresentaram soropositividade para ao menos um agente. A ocorrência de anticorpos para L. infantum, N. caninum e T. gondii foi de 33,3 (26/78), 37,1 (29/78) e 43,5% (34/78), respectivamente. Detectaram-se monoinfecções em 9,4% (5/53) para L. infantum, 18,8% (10/53) para N. caninum e 20,7% (11/53) para T. gondii. As coinfecções foram observadas em 27/53 (50,9%) dos animais. As infecções ocorreram independentemente de idade, sexo, procedência ou raça (P>0,05). Não se verificaram lesões anatomo-histopatológicas relacionadas aos agentes pesquisados, caracterizando-os como animais assintomáticos. Os resultados confirmaram a exposição de cães a esses protozoários na região central do RS e, em especial, demonstraram a circulação do agente causador da leishmaniose em uma área considerada indene para a enfermidade.<br/><br/><br/>Palavras-chave: protozooses, anticorpos, sorologia, achados patológicos, Imunofluorescência indireta
520 ## - NOTA DE RESUMO
Nota de conteúdo <br/><br/>ABSTRACT - The present paper is aimed to determine the presence of antibodies for Leishmania infantum, Neospora caninum and Toxoplasma gondii by indirect immunofluorescence (IIF) in dogs (n=78) from the central region in the state of Rio Grande do Sul necropsied in the Veterinary Hospital from Universidade Federal de Santa Maria (UFSM). The data was evaluated regarding epidemiological, anatomic, and histopathologic findings. Of the total animals evaluated, 67.9% (53/78) showed seropositivity for at least one agent. The occurrence of antibodies to L. infantum, N. caninum and T. gondii was 33.3% (26/78) 37.1% (29/78) and 43.5% (34/78), respectively. The mono infections were detected in 9.4% (5/53) of L. infantum, 18.8% (10/53) for N. caninum and 20.7% (11/53) T. gondii. The coinfections occurred in 50.9% (27/53) of animals. There were not anatomical and histopathological lesions regarding these surveyed agents, characterizing them as subclinical animals. The results confirmed the exposition of dogs to these protozoa in the central region of the RS, highlighting the circulation of the causer agent of leishmaniasis in an area considered harmless for the disease.<br/><br/><br/>Keywords: protozoa, antibodies, serology, pathologic findings, indirect immunofluorescence
650 ## - ASSUNTO - THESAGRO
Cabeçalho tópico ou nome geográfico CÃO
650 ## - ASSUNTO - THESAGRO
Cabeçalho tópico ou nome geográfico PROTOZOÁRIO
650 ## - ASSUNTO - THESAGRO
Cabeçalho tópico ou nome geográfico ANTICORPO
650 ## - ASSUNTO - THESAGRO
Cabeçalho tópico ou nome geográfico SOROLOGIA
650 ## - ASSUNTO - THESAGRO
Cabeçalho tópico ou nome geográfico DOENÇA ANIMAL
650 ## - ASSUNTO - THESAGRO
Cabeçalho tópico ou nome geográfico SANIDADE ANIMAL
773 0# - ENTRADA ANALÍTICA
Host Biblionumber 1643
Registro do item 317174
Imprenta Belo Horizonte-MG Universidade Federal de Minas Gerais - Escola de Veterinaria 1983
Outro identificador 2024-3790
Título Arquivo Brasileiro de Medicina Veterinária e Zootecnia (Brazil)
ISSN 0102-0935
Colação v. 70(1) p. 109-116; (2018)
Número de controle de registro BR2024002279
856 ## - ACESSO E ENDEREÇO ELETRÔNICO
Identificador uniforme de recurso - URI https://www.scielo.br/j/abmvz/a/NFbd8jd4JRfmw4LjL7JgqbD/?format=pdf&lang=pt

Nenhum exemplar disponível.

BINAGRI

Telefone: (61)3218-2567/2388/3357/2097 - binagri@agro.gov.br

Ministério da Agricultura e Pecuária , Esplanada dos Ministérios, Bloco D, Anexo B, Brasília/DF, CEP: 70.043-900